Guia de l'estudiant i programes de les assignatures, curs 1999-2000 / Escola Universitària de Biblioteconomia i Documentació
Descripción Física:
255 p. ; 21 cm
MARC
| LEADER | 00000nam a2200000Ia 4500 | ||
|---|---|---|---|
| 001 | 12470 | ||
| 008 | 160829s1999 xx 000 0 cat d | ||
| 080 | |a A-2-2 | ||
| 110 | 2 | |a Escola Universitària Jordi Rubió i Balaguer de Biblioteconomia i Documentació |9 54300 | |
| 245 | |a Guia de l'estudiant i programes de les assignatures, curs 1999-2000 / Escola Universitària de Biblioteconomia i Documentació | ||
| 260 | |a Barcelona : |b Universitat de Barcelona, |c 1999 | ||
| 300 | |a 255 p. ; |c 21 cm | ||
| 610 | 2 | 0 | |a Escola Universitària Jordi Rubió i Balaguer de Biblioteconomia i Documentació |b Currículums |9 54303 |
| 710 | 2 | |a Universitat de Barcelona |9 51297 | |
| 901 | |a Arxiu | ||
| 942 | |n 1 | ||
| 952 | |0 0 |1 0 |4 0 |6 A22 |7 1 |9 47877 |a Arxiu |b Arxiu |d 2016-12-01 |l 0 |o A-2-2 |p 12470 |r 2016-12-01 00:00:00 |w 2016-12-01 |y ARXIU | ||
| 999 | |c 51677 |d 51677 | ||